Math Division Problems #3 - Statistics

General Stats
  • This quiz has been taken 1,191 times
  • The average score is 10 of 10
Answer Stats
Problem Answer % Correct
48 ÷ 4 = 12
100%
50 ÷ 10 = 5
100%
66 ÷ 11 = 6
100%
70 ÷ 10 = 7
100%
44 ÷ 4 = 11
99%
39 ÷ 3 = 13
99%
24 ÷ 3 = 8
99%
99 ÷ 11 = 9
99%
196 ÷ 14 = 14
98%
225 ÷ 15 = 15
98%
No matching quizzes found
Score Distribution
Percent of People with Each Score
Percentile by Number Answered
Your Score History
You have not taken this quiz